<?xml version="1.0" encoding="UTF-8"?><?xml-stylesheet type="text/xsl" href="static/style.xsl"?><OAI-PMH xmlns="http://www.openarchives.org/OAI/2.0/" xmlns:xsi="http://www.w3.org/2001/XMLSchema-instance" xsi:schemaLocation="http://www.openarchives.org/OAI/2.0/ http://www.openarchives.org/OAI/2.0/OAI-PMH.xsd"><responseDate>2026-06-01T21:35:29Z</responseDate><request verb="GetRecord" identifier="oai:riuma.uma.es:10630/44694" metadataPrefix="marc">https://riuma.uma.es/rest/oai/request</request><GetRecord><record><header><identifier>oai:riuma.uma.es:10630/44694</identifier><datestamp>2026-02-03T11:06:10Z</datestamp><setSpec>com_10630_2254</setSpec><setSpec>col_10630_37953</setSpec></header><metadata><record xmlns="http://www.loc.gov/MARC21/slim" xmlns:dcterms="http://purl.org/dc/terms/" xmlns:doc="http://www.lyncode.com/xoai" xmlns:xsi="http://www.w3.org/2001/XMLSchema-instance" xsi:schemaLocation="http://www.loc.gov/MARC21/slim http://www.loc.gov/standards/marcxml/schema/MARC21slim.xsd">
   <leader>00925njm 22002777a 4500</leader>
   <datafield ind2=" " ind1=" " tag="042">
      <subfield code="a">dc</subfield>
   </datafield>
   <datafield ind2=" " ind1=" " tag="720">
      <subfield code="a">Fernández-de-Córdoba-Martos, Gonzalo</subfield>
      <subfield code="e">author</subfield>
   </datafield>
   <datafield ind2=" " ind1=" " tag="720">
      <subfield code="a">Molinari, Benedetto</subfield>
      <subfield code="e">author</subfield>
   </datafield>
   <datafield ind2=" " ind1=" " tag="720">
      <subfield code="a">Torres-Chacón, José Luis</subfield>
      <subfield code="e">author</subfield>
   </datafield>
   <datafield ind2=" " ind1=" " tag="260">
      <subfield code="c">2021-11</subfield>
   </datafield>
   <datafield ind2=" " ind1=" " tag="520">
      <subfield code="a">This study proposes a synthetic visual indicator with which to perform debt sustainability analysis using dynamic general equilibrium models. In a single diagram, we summarized the general equilibrium relationships among economic activity, government budget, and the maximum amount of sustainable public debt. Then, we measured sustainability using the distance of actual debt from the model-consistent maximum debt. This indicator can be implemented with any DSGE model; as a backing theory, we used a neoclassical model augmented with endogenous tax revenues, disaggregated public spending, different production technologies for public and private goods, non-atomistic wage setters in public labor (unions), and a fully specified maturity curve for public bonds. We provided an example of its usage using the case of Greece during the last public debt crisis. To perform the numerical analysis, we developed original software, whose advantage is allowing an audience without expertise in DSGE models to perform general equilibrium debt sustainability analyses without requiring an understanding of the technicalities of DSGE models.</subfield>
   </datafield>
   <datafield ind1="8" ind2=" " tag="024">
      <subfield code="a">de-Córdoba, G.F.; Molinari, B.; Torres, J.L. Public Debt Frontier: A Python Toolkit for Analyzing Public Debt Sustainability. Sustainability 2021, 13, 13260.</subfield>
   </datafield>
   <datafield ind1="8" ind2=" " tag="024">
      <subfield code="a">https://hdl.handle.net/10630/44694</subfield>
   </datafield>
   <datafield ind1="8" ind2=" " tag="024">
      <subfield code="a">10.3390/su132313260</subfield>
   </datafield>
   <datafield tag="653" ind2=" " ind1=" ">
      <subfield code="a">Python (Lenguaje de programación)</subfield>
   </datafield>
   <datafield tag="653" ind2=" " ind1=" ">
      <subfield code="a">Deuda pública</subfield>
   </datafield>
   <datafield ind2="0" ind1="0" tag="245">
      <subfield code="a">Public Debt Frontier: a Python Toolkit for Analyzing Public Debt Sustainability</subfield>
   </datafield>
</record>
</metadata></record></GetRecord></OAI-PMH>